| 000 | 00619cam a22002052 4500 | ||
|---|---|---|---|
| 001 | 0000002682 | ||
| 005 | 20151217151902.0 | ||
| 008 | 070418s xx 000 0 eng d | ||
| 020 |
_a0674467264 : _cKES 300 |
||
| 040 |
_aKABU _cKABU |
||
| 050 | 0 |
_aPN81 _b.F57 |
|
| 100 | 1 |
_aFish, Stanley. _@0000152153 |
|
| 245 | 1 | 0 |
_aIs there a text in this class : _bthe authority of interpretive communities. |
| 260 |
_aCambridge, Mass : _bHarvard University Press, _c1980. |
||
| 300 | _aviii, 394 p. | ||
| 650 | 0 |
_aCriticism. _@0000152154 |
|
| 908 | _a070418 | ||
| 950 | _@1 | ||
| 999 |
_c5968 _d5968 |
||